Una pandilla genial /
Saved in:
| Main Author: | |
|---|---|
| Other Authors: | |
| Format: | Electronic eBook |
| Language: | Spanish German |
| Published: |
[Madrid] :
Siruela,
[2016]
|
| Edition: | Edición en formato digital. |
| Series: | Tres edades. Biblioteca Funke ;
9. |
| Subjects: | |
| Online Access: | Digitalia Hispánica |
| Tags: |
Add Tag
No Tags, Be the first to tag this record!
|
MARC
| LEADER | 00000nam a2200000Ii 4500 | ||
|---|---|---|---|
| 001 | DIGSIRLA0477 | ||
| 003 | NyNyDIG | ||
| 006 | m o d | ||
| 008 | 170413s2016 sp a o 000 f spa d | ||
| 007 | cr ||||||||||| | ||
| 035 | |a (OCoLC)982305135 | ||
| 040 | |a DGITA |b eng |e rda |e pn |c DGITA | ||
| 020 | |a 9788416638437 |q (eBook ; |q ePub) | ||
| 020 | |a 8416638438 |q (eBook ; |q ePub) | ||
| 020 | |a 9788416638444 |q (eBook ; |q Kindle) | ||
| 020 | |a 8416638446 |q (eBook ; |q Kindle) | ||
| 020 | |z 9788416465958 | ||
| 020 | |z 8416465959 | ||
| 041 | 1 | |a spa |h ger | |
| 050 | 1 | 4 | |a PT2666.U46 ebook |
| 082 | 0 | 4 | |a 833.914 |a [Fic] |
| 100 | 1 | |a Funke, Cornelia, |d 1958- |e author. | |
| 240 | 1 | 0 | |a Wilden Hühner. |l Spanish |s (Alonso) |
| 245 | 1 | 4 | |a Una pandilla genial / |c Cornelia Funke ; ilustraciones de la autora ; traducción del alemán de María Alonso. |
| 250 | |a Edición en formato digital. | ||
| 264 | 1 | |a [Madrid] : |b Siruela, |c [2016] | |
| 300 | |a 1 online resource : |b illustrations. | ||
| 336 | |a text |b txt |2 rdacontent | ||
| 337 | |a computer |b c |2 rdamedia | ||
| 338 | |a online resource |b cr |2 rdacarrier | ||
| 490 | 1 | |a Las tres edades. Biblioteca Funke ; |v 9 | |
| 500 | |a "Las gallinas locas"--Cover. | ||
| 588 | 0 | |a Online resource; title from ePub title page (Digitalia, viewed April 14, 2017) | |
| 650 | 0 | |a Friendship |v Juvenile fiction. | |
| 650 | 0 | |a Revenge |v Juvenile fiction. | |
| 650 | 0 | |a Practical jokes |v Juvenile fiction. | |
| 655 | 0 | |a Electronic books. | |
| 700 | 1 | |a Alonso, María, |e translator. | |
| 791 | 2 | |a Digitalia (Firm), |e distributor. | |
| 793 | 0 | |g Digitalia eBook Collection: |a Siruela | |
| 776 | 0 | 8 | |i Print version: |a Funke, Cornelia 1958- |s Wilden Hühner. Spanish (Alonso). |t Pandilla genial. |d Madrid : Siruela, [2016] |z 9788416465958 |
| 830 | 0 | |a Tres edades. |p Biblioteca Funke ; |v 9. | |
| 856 | 4 | 0 | |3 Digitalia Hispánica |u https://digitalia.unach.elogim.com/a/44770/ |
| 910 | |a Premium collection: 2017 | ||